Capítulo II. La exclusión social en la modernización capitalista /

En el capítulo, primeramente se realiza un bosquejo abordando el tema de la exclusión originaria, propia del tipo de modernización capitalista que ha acaecido en las latitudes de América Latina y por tanto, en la región Centroamericana. Este bosquejo, tiene como finalidad sentar antecedentes históri...

Mô tả đầy đủ

Đã lưu trong:
Chi tiết về thư mục
Tác giả chính: Pérez Sáinz, Juan Pablo
Tác giả khác: Mora Salas, Minor
Định dạng: Texto
Ngôn ngữ:Spanish
Được phát hành: San José: FLACSO
Những chủ đề:
Các nhãn: Thêm thẻ
Không có thẻ, Là người đầu tiên thẻ bản ghi này!

MARC

LEADER 00000 a a2200000 04500
001 35714
003 cru IIS
005 20230509104002.0
008 230509b |||||||| |||| 00| 0 spa d
020 |a 978-9977-68-147-4  
040 |c CRAI 
090 |a 0001 P438p  
100 |a Pérez Sáinz, Juan Pablo  
245 |a Capítulo II. La exclusión social en la modernización capitalista /  |c Juan Pablo Pérez Sáinz  
260 |a San José:   |b FLACSO  
300 |a 57-114 p.  
520 |a En el capítulo, primeramente se realiza un bosquejo abordando el tema de la exclusión originaria, propia del tipo de modernización capitalista que ha acaecido en las latitudes de América Latina y por tanto, en la región Centroamericana. Este bosquejo, tiene como finalidad sentar antecedentes históricos de las cuestiones que se abordarán en el resto del texto. Con la misma finalidad de contextualizar en un segundo apartado, se señalaran los principales rasgos que los procesos de ajuste estructural asumieron en Centroamérica y cómo evolucionaron dos indicadores sociales básicos: la pobreza y la distribución del ingreso. Se finaliza con el análisis de la magnitud y perfiles del fenómeno de la exclusión en la actualidad  
650 |a EXCLUSION SOCIAL  
650 |a MODERNIZACION  
650 |a CAPITALISMO  
650 |a POBREZA  
650 |a DISTRIBUCION DEL INGRESO  
650 |a EXCEDENTES  
650 |a DESIGUALDAD SOCIAL  
650 |a PRODUCTO INTERNO BRUTO  
650 |a APERTURA COMERCIAL  
650 |a POBREZA  
650 |a INDIGENCIA  
650 |a FUERZA DE TRABAJO  
650 |a EXCLUSION/INCLUSION SOCIAL  
700 |a Mora Salas, Minor  
942 |2 ddc  |c LI 
999 |c 16368  |d 16368 
773 0 |0 351  |9 2193  |a Pérez Sáinz, Juan Pablo   |d San José: FLACSO ; 2007  |o 03459  |t La persistencia de la miseria en Centroamérica:   |w (cru CIDCACS/IIS)35713  |z 978-9977-68-147-4